Ч. 1; Расчет антенн СВЧ. Пособие к курсовому проектированию по антенно-фидерным устройствам

Библиографические подробности
Источник:Расчет антенн СВЧ. Пособие к курсовому проектированию по антенно-фидерным устройствам/ Московский авиационный институт; под ред. Д. И. Воскресенского. Ч. 1.— , 1970-1973
Язык:русский
Опубликовано: 1970
Предметы:
Формат: Книга
Запись в KOHA:https://koha.lib.tpu.ru/cgi-bin/koha/opac-detail.pl?biblionumber=101974

MARC

LEADER 00000nam2a2200000 4500
001 101974
005 20231101214411.0
035 |a (RuTPU)RU\TPU\book\109970 
090 |a 101974 
100 |a 20060919d1970 m y0rusy50 ca 
101 0 |a rus 
102 |a RU 
105 |a a j 001zy 
200 0 |a Ч. 1 
210 |d 1970 
215 |a 206 с.  |c ил. 
320 |a Библиогр.: с. 204-206. 
461 1 |0 (RuTPU)RU\TPU\book\88811  |t Расчет антенн СВЧ. Пособие к курсовому проектированию по антенно-фидерным устройствам  |f Московский авиационный институт; под ред. Д. И. Воскресенского  |v Ч. 1  |d 1970-1973 
606 1 |a Антенны СВЧ  |2 stltpush  |3 (RuTPU)RU\TPU\subj\29186  |9 52573 
610 1 |a антенно-фидерные устройства 
610 1 |a расчеты 
610 1 |a курсовое проектирование 
610 1 |a учебные пособия 
675 |a 621.396.67.029.6(075)  |v 3 
801 1 |a RU  |b 63413507  |c 20060919  |g PSBO 
801 2 |a RU  |b 63413507  |c 20161025  |g PSBO 
942 |c BK